British Monarchs - Sudden Death - Statistics

General Stats
  • This quiz has been taken 97 times
    79 since last reset
  • The average score is 11 of 17
Answers on the Grid
Answers color-coded by a green-red scale on the quiz's grid according to % correct below.
Charles III
Richard IV
Edward IX
George III
Henry VIII
Stephen I
James II
Thomas IV
William II
John II
Edward VIII
Wayne II
George V
Elizabeth III
Alexander IV
William V
John I
Richard I
Mary I
Charles II
Elizabeth II
Clive I
Victoria II
Peter I
William IV
Anne I
Henry VII
Richard I
Henry X
Anne III
Charles V
Frederick I
 
Answer Stats
Answer % Correct
Charles III
85%
Henry VIII
85%
Elizabeth II
80%
Henry VII
70%
George III
69%
William II
69%
Mary I
67%
Richard I
66%
Charles II
64%
George V
64%
Richard I
64%
Stephen I
62%
Anne I
61%
James II
59%
John I
59%
Edward VIII
52%
William IV
48%
No matching quizzes found
Score Distribution
Percent of People with Each Score
Percentile by Number Answered
Your Score History
You have not taken this quiz since the last reset